书目信息 |
| 题名: |
行草大字典
|
|
| 作者: | 书学会 编纂 | |
| 分册: | ||
| 出版信息: | 北京 北京市中国书店 1981 |
|
| 页数: | 2册 | |
| 开本: | 19cm | |
| 丛书名: | ||
| 单 册: | ||
| 中图分类: | J292.34 , J292.3 | |
| 科图分类: | ||
| 主题词: | 行草-法帖--中国 , 法帖-行草--中国 | |
| 电子资源: | ||
| ISBN: | ||
| 000 | 00617nam0 2200241 45 | |
| 001 | 1567958328 | |
| 005 | 20150124185455.79 | |
| 010 | @dCNY3.50 | |
| 100 | @a19950411d1981 em y0chiy0121 ea | |
| 101 | 0 | @achi |
| 102 | @aCN@b110000 | |
| 105 | @ay e 000yy | |
| 200 | 10 | @a行草大字典@Axing cao da zi dian@f书学会编纂 |
| 210 | @a北京@c北京市中国书店@d1981 | |
| 215 | @a2册@d19cm | |
| 606 | @a行草-法帖@y中国 | |
| 606 | @a法帖-行草@y中国 | |
| 690 | @aJ292.34@v3 | |
| 690 | @aJ292.3@v4 | |
| 701 | 0 | @a书学会@Ashu xue hui@4编纂 |
| 801 | 0 | @aCN@bTSSF@c20150124 |
| 801 | 2 | @aCN@bNLC |
| 905 | @aZUCC@dJ292.3@eJY11:1 | |
| 行草大字典/书学会编纂.-北京:北京市中国书店,1981 |
| 2册;19cm |
| ISBN :CNY3.50 |
| ● |
| 相关链接 |
|
|
|
|
正题名:行草大字典
索取号:J292.3/JY11:1
 
预约/预借
| 序号 | 登录号 | 条形码 | 馆藏地/架位号 | 状态 | 备注 |
| 1 | 7842404 | 278424046 | 学院路分馆/ [索取号:J292.3/JY11:1] | 在馆 |